Programming in Python (Record no. 13347)
[ view plain ]
| 000 -LEADER | |
|---|---|
| fixed length control field | 00399nam a22001697a 4500 |
| 003 - CONTROL NUMBER IDENTIFIER | |
| control field | OSt |
| 008 - FIXED-LENGTH DATA ELEMENTS--GENERAL INFORMATION | |
| fixed length control field | 250419b |||||||| |||| 00| 0 eng d |
| 020 ## - INTERNATIONAL STANDARD BOOK NUMBER | |
| International Standard Book Number | 9789386551276 |
| 082 ## - DEWEY DECIMAL CLASSIFICATION NUMBER | |
| Classification number | 005.133 SHP |
| 100 ## - MAIN ENTRY--PERSONAL NAME | |
| Personal name | SHARMA,Pooja |
| 245 ## - TITLE STATEMENT | |
| Title | Programming in Python |
| 250 ## - EDITION STATEMENT | |
| Edition statement | 1st Reprint Ed |
| 260 ## - PUBLICATION, DISTRIBUTION, ETC. (IMPRINT) | |
| Place of publication, distribution, etc | New Delhi |
| Name of publisher, distributor, etc | BPB |
| Date of publication, distribution, etc | 2024 |
| 300 ## - PHYSICAL DESCRIPTION | |
| Extent | 301 |
| 650 ## - SUBJECT ADDED ENTRY--TOPICAL TERM | |
| Topical term or geographic name as entry element | Programming in Python |
| 942 ## - ADDED ENTRY ELEMENTS (KOHA) | |
| Source of classification or shelving scheme | Dewey Decimal Classification |
| Koha item type | Text Books |
| Withdrawn status | Lost status | Source of classification or shelving scheme | Damaged status | Not for loan | Collection code | Home library | Current library | Date acquired | Source of acquisition | Currency | Cost, normal purchase price | Bill Number | Total Checkouts | Full call number | Acc. no. / Barcode | Date last seen | Actual Cost, discounted price | Bill Date | Koha item type | Date last borrowed | Checked out |
|---|---|---|---|---|---|---|---|---|---|---|---|---|---|---|---|---|---|---|---|---|---|
| Dewey Decimal Classification | MCA | PIET C-LIBRARY | PIET C-LIBRARY | 16/04/2025 | Zaffa Books | INR | 498.00 | ZBD0056 | 005.133 SHP | 39400 | 19/04/2025 | 363.54 | 16/04/2025 | Reference Books | |||||||
| Dewey Decimal Classification | MCA | PIET C-LIBRARY | PIET C-LIBRARY | 16/04/2025 | Zaffa Books | INR | 498.00 | ZBD0056 | 3 | 005.133 SHP | 39401 | 12/03/2026 | 363.54 | 16/04/2025 | Text Books | 17/02/2026 | |||||
| Dewey Decimal Classification | MCA | PIET C-LIBRARY | PIET C-LIBRARY | 16/04/2025 | Zaffa Books | INR | 498.00 | ZBD0056 | 3 | 005.133 SHP | 39402 | 21/01/2026 | 363.54 | 16/04/2025 | Text Books | 21/01/2026 | 10/08/2026 | ||||
| Dewey Decimal Classification | MCA | PIET C-LIBRARY | PIET C-LIBRARY | 16/04/2025 | Zaffa Books | INR | 498.00 | ZBD0056 | 3 | 005.133 SHP | 39403 | 24/02/2026 | 363.54 | 16/04/2025 | Text Books | 19/02/2026 | |||||
| Dewey Decimal Classification | MCA | PIET C-LIBRARY | PIET C-LIBRARY | 16/04/2025 | Zaffa Books | INR | 498.00 | ZBD0056 | 3 | 005.133 SHP | 39404 | 11/03/2026 | 363.54 | 16/04/2025 | Text Books | 17/02/2026 |